| 000 | 01041cam a2200301 a 4500 | ||
|---|---|---|---|
| 999 |
_c10243 _d10243 |
||
| 001 | 3997193 | ||
| 003 | OSt | ||
| 005 | 20191220160638.0 | ||
| 008 | 960306s1997 mauab b 001 0 eng | ||
| 010 | _a 96012710 | ||
| 020 | _a9812358315 | ||
| 040 |
_aDLC _cDLC _dDLC |
||
| 043 | _ad------ | ||
| 050 | 0 | 0 |
_aHD82 _b.T552 1997 |
| 082 | 0 | 0 |
_a338.90091724 _220 _bTOD/E |
| 100 | 1 | _aTodaro, Michael P. | |
| 245 | 1 | 0 |
_aEconomic development / _cMichael P. Todaro. |
| 250 | _a6th ed. | ||
| 260 |
_aReading, Mass. : _bAddison-Wesley, _cc1997. |
||
| 300 |
_axli, 738 p. : _bill., maps ; _c24 cm. |
||
| 500 | _aMaps on endpapers. | ||
| 504 | _aIncludes bibliographical references and indexes. | ||
| 650 | 0 | _aEconomic development. | |
| 651 | 0 |
_aDeveloping countries _xEconomic policy. |
|
| 906 |
_a7 _bcbc _corignew _d1 _eocip _f19 _gy-gencatlg |
||
| 942 |
_2ddc _cBK _h338.90091724 _iTOD/E _k338.90091724 _mTOD/E |
||